Open Data Biblioteca Nacional de Portugal


República Portuguesa: Ministério da Cultura
Biblioteca Nacional de Portugal

Catálogo da BNP: acesso por Identificadores Unívocos
Registos Bibliográficos associados ao registo de autoridade

Etiqueta de registo: 00254nam 2200025 450
001 2284260
003 http://id.bnportugal.gov.pt/bib/catbnp/2284260
100 ## $a20260413d2025 k y0pory01030103ba
101 0# $apor$deng
102 ## $aPT
105 ## $ay m 000yy
106 ## $ar
200 1# $a O ensino superior$eglobalização, internacionalização e mobilidade$fAna Miguel Gonçalves Carvalho$gorient. João Relvão Caetano, Pedro Caridade de Freitas, Joaquim Gronita
210 #9 $aLisboa$c[s.n.],$d2025
215 ## $aXVIII, 240 p.$cil.$d30 cm
328 #1 $aTese dout. Estudos Globais, Universidade Aberta, 2025
700 #1 $aCarvalho,$bAna Miguel Gonçalves$31995549
702 #1 $aCaetano,$bJoão Carlos Relvão$4727$3889119
702 #1 $aFreitas,$bPedro Caridade de,$f1972-$4727$31246317
702 #1 $aGronita,$bJoaquim João Casimiro,$f1964-$4727$31251999
801 #0 $aPT$bBN$gRPC
966 ## $lBN$mFGMON$x1
971 ## $ccsilva$d20260413

OpendataBNP@bnportugal.pt | Mais informação sobre acesso aos dados BNP